[Event "2nd Easter 4NCL Congress"]
[Site "Daventry"]
[Date "2022.04.17"]
[Round "5"]
[Board "18"]
[White "Lawrence, Spencer"]
[Black "Coburn, Joseph A"]
[Result "0-1"]
[WhiteElo "1720"]
[BlackElo "1818"]
[PlyCount "76"]
[EventDate "2022.04.15"]
[EventRounds "7"]
[EventCountry "ENG"]

{[%evp 0,49,19,38,75,80,74,60,86,66,80,36,45,30,25,16,9,7,4,15,26,-2,-7,-11,18,
7,10,20,10,-43,-16,-23,-33,-109,-111,-144,-111,-136,-126,-140,-140,-162,-106,
-120,-114,-93,-87,-69,-102,-186,-159,-287]} 1. e4 d6 2. d4 Nf6 3. Nc3 g6 4. Be3
Bg7 5. f3 c6 6. Qd2 O-O 7. O-O-O b5 8. g4 a5 9. h4 h5 10. gxh5 Nxh5 11. Bh6 a4
12. Bxg7 Kxg7 13. d5 Qb6 14. dxc6 Nxc6 15. Nd5 Qc5 16. Bxb5 Qxb5 17. Nc7 Qa5
18. Nxa8 Qxa8 19. Ne2 Be6 20. a3 Qa5 21. Qxa5 Nxa5 22. Nc3 Bd7 23. Rd4 Rc8 24.
Kd2 Nc4+ 25. Ke1 Nxa3 26. Rh2 Nc4 27. Nxa4 Ne5 28. Nb6 Rc7 29. Rf2 Nf4 30. Kd2
Be6 31. Ke3 Nh5 32. Nd5 Bxd5 33. Rxd5 Nc4+ 34. Kd4 Nxb2 35. c3 Rc4+ 36. Ke3
Rxc3+ 37. Kd2 Rc4 38. Rg2 Nf4  0-1

[Event "2nd Easter 4NCL Congress"]
[Site "Daventry"]
[Date "2022.04.17"]
[Round "5"]
[Board "19"]
[White "Georgiou, George"]
[Black "Pitt, Chris W"]
[Result "1-0"]
[WhiteElo "1807"]
[BlackElo "1642"]
[PlyCount "73"]
[EventDate "2022.04.15"]
[EventRounds "7"]
[EventCountry "ENG"]

1. d4 d5 2. c4 e6 3. Nc3 c5 4. cxd5 cxd4 5. Qa4+ Bd7 6. Qxd4 exd5 7. Qxd5 Nc6
8. Nf3 Be6 9. Qxd8+ Rxd8 10. a3 Nf6 11. Bf4 a6 12. e3 Be7 13. Be2 O-O 14. h3
Rd7 15. O-O Bb3 16. Bd1 Bc4 17. Re1 b5 18. Bc2 b4 19. axb4 Nxb4 20. Ba4 Nd3 21.
Red1 Rfd8 22. b3 Nxf4 23. bxc4 Ne6 24. Ne5 Bc5 25. Bc6 Bb4 26. Nd5 Nxd5 27.
cxd5 Nc5 28. Rab1 a5 29. Bb5 Ne4 30. Nc6 Rd6 31. Nxb4 Nc3 32. Nc6 Nxb1 33. Rxb1
Ra8 34. Ba4 f5 35. Ne7+ Kf8 36. Nxf5 Rxd5 37. Bc6  1-0

[Event "2nd Easter 4NCL Congress"]
[Site "Daventry"]
[Date "2022.04.17"]
[Round "5"]
[Board "20"]
[White "Sloan, Cecil"]
[Black "Nilsson, Adam"]
[Result "1/2-1/2"]
[WhiteElo "1699"]
[BlackElo "1744"]
[PlyCount "72"]
[EventDate "2022.04.15"]
[EventRounds "7"]
[EventCountry "ENG"]

1. e4 e6 2. d4 d5 3. Nc3 Nf6 4. Bg5 Be7 5. e5 Nfd7 6. Bxe7 Qxe7 7. f4 a6 8. Nf3
c5 9. dxc5 Nc6 10. Qd2 Nxc5 11. O-O-O b5 12. Bd3 b4 13. Ne2 Rb8 14. Ned4 Nxd4
15. Nxd4 Qc7 16. Kb1 O-O 17. h4 a5 18. Nb5 Qb6 19. Nd6 b3 20. a3 Bd7 21. c3 Nb7
22. Nxb7 Rxb7 23. Qe2 Bb5 24. Bxb5 Qxb5 25. Qxb5 Rxb5 26. Rd4 Rc8 27. Rhd1 Rbc5
28. R1d3 Rf8 29. Kc1 f6 30. Re3 Kf7 31. Kd2 Rc4 32. Rxc4 dxc4 33. Re4 Rc8 34.
Ke3 Rc5 35. g4 Ke7 36. g5 a4  1/2-1/2

[Event "2nd Easter 4NCL Congress"]
[Site "Daventry"]
[Date "2022.04.17"]
[Round "5"]
[Board "21"]
[White "Winter, Kevin"]
[Black "Fisher, Neal"]
[Result "1/2-1/2"]
[WhiteElo "1760"]
[BlackElo "1732"]
[PlyCount "24"]
[EventDate "2022.04.15"]
[EventRounds "7"]
[EventCountry "ENG"]

1. e4 e5 2. f4 d6 3. Nf3 Nf6 4. Nc3 c6 5. fxe5 dxe5 6. Bc4 Bc5 7. Qe2 O-O 8.
Na4 Bd6 9. Nc3 Bc5 10. Na4 Bd6 11. Nc3 Bc5 12. Na4 Bd6  1/2-1/2

[Event "2nd Easter 4NCL Congress"]
[Site "Daventry"]
[Date "2022.04.17"]
[Round "5"]
[Board "22"]
[White "Gartside, Carl"]
[Black "Willow, Hambel M"]
[Result "1/2-1/2"]
[WhiteElo "1844"]
[BlackElo "1751"]
[PlyCount "71"]
[EventDate "2022.04.15"]
[EventRounds "7"]
[EventCountry "ENG"]

{[%evp 0,36,25,25,29,-16,23,23,23,13,13,13,13,6,23,12,33,50,47,40,54,54,76,76,
76,76,76,76,119,68,81,79,80,73,84,105,106,104,145]} 1. d4 Nf6 2. c4 e5 3. dxe5
Ng4 4. Bf4 Nc6 5. Nf3 Bb4+ 6. Nc3 Qe7 7. Qd5 d6 8. exd6 cxd6 9. e3 Be6 10. Qd2
Nf6 11. Bd3 d5 12. cxd5 Nxd5 13. Bg3 Rc8 14. Rc1 O-O 15. O-O Rfd8 16. Rfd1 Bxc3
17. bxc3 Nf6 18. Nd4 Bg4 19. f3 Bh5 20. Bh4 Bg6 21. Bxg6 hxg6 22. Nxc6 bxc6 23.
Qe2 Qe5 24. Bxf6 Qxf6 25. Qc4 Qe5 26. Rd3 Rxd3 27. Qxd3 Re8 28. e4 Qa5 29. Qc4
Rd8 30. Rb1 Qg5 31. f4 Qxf4 32. Rf1 Qc7 33. h3 c5 34. a4 Qe7 35. Re1 Qe5 36.
Rf1  1/2-1/2

[Event "2nd Easter 4NCL Congress"]
[Site "Daventry"]
[Date "2022.04.18"]
[Round "6"]
[Board "1"]
[White "Mckay, Jonathan"]
[Black "Arora, Tashika"]
[Result "1-0"]
[WhiteElo "1964"]
[BlackElo "1986"]
[PlyCount "69"]
[EventDate "2022.04.15"]
[EventRounds "7"]
[EventCountry "ENG"]

1. e4 c5 2. Nc3 Nc6 3. Bb5 Nd4 4. Nf3 Nxb5 5. Nxb5 d6 6. d4 cxd4 7. Qxd4 Bd7 8.
Nc3 Bc6 9. Bg5 f6 10. Be3 e5 11. Qd3 a6 12. O-O Qd7 13. a4 f5 14. exf5 Ne7 15.
Nh4 d5 16. Bg5 O-O-O 17. b4 d4 18. Ne4 Nd5 19. b5 Nb4 20. bxc6 Qxc6 21. Qf3 Rd7
22. c3 Nc2 23. Rac1 d3 24. f6 g6 25. f7 Ba3 26. Rcd1 Rf8 27. Nf6 Qxf3 28. Nxf3
Rdxf7 29. Nxe5 Rc7 30. Rxd3 Bb2 31. Nd5 Rf5 32. Nxc7 Rxe5 33. Bf4 Re4 34. Nd5
Na3 35. Nb6#  1-0

[Event "2nd Easter 4NCL Congress"]
[Site "Daventry"]
[Date "2022.04.18"]
[Round "6"]
[Board "2"]
[White "Ortiz Sanchez, Luis"]
[Black "Kay, Lee P"]
[Result "1/2-1/2"]
[WhiteElo "1987"]
[BlackElo "1978"]
[PlyCount "92"]
[EventDate "2022.04.15"]
[EventRounds "7"]
[EventCountry "ENG"]

1. d4 g6 2. e4 Bg7 3. Nc3 c6 4. Be3 d6 5. Qd2 b5 6. Bd3 Nd7 7. Nf3 Nb6 8. h3
Nf6 9. Bh6 O-O 10. Bxg7 Kxg7 11. O-O b4 12. Ne2 c5 13. c3 Bb7 14. Ng3 a5 15.
Qg5 e6 16. Rfd1 h6 17. Qe3 c4 18. Bc2 d5 19. e5 Ng8 20. h4 Nd7 21. h5 g5 22.
Re1 Ra6 23. Re2 f5 24. exf6+ Qxf6 25. Ba4 Bc8 26. Rae1 Qf4 27. Qd2 Qxd2 28.
Nxd2 Ndf6 29. Nb1 Ne7 30. b3 Kf7 31. a3 bxa3 32. Nxa3 cxb3 33. Bxb3 Rb6 34. Ba2
Ba6 35. c4 Rfb8 36. Rc2 Rb2 37. Ree2 Rxc2 38. Rxc2 dxc4 39. Bxc4 Bxc4 40. Nxc4
Rb1+ 41. Kh2 Ned5 42. Nxa5 Nf4 43. f3 N4xh5 44. Nxh5 Nxh5 45. Rd2 Nf4 46. Nc6
Re1  1/2-1/2

[Event "2nd Easter 4NCL Congress"]
[Site "Daventry"]
[Date "2022.04.18"]
[Round "6"]
[Board "3"]
[White "Moss, Jack O"]
[Black "Gibbs, Dominic V"]
[Result "1/2-1/2"]
[WhiteElo "1659"]
[BlackElo "1993"]
[PlyCount "91"]
[EventDate "2022.04.15"]
[EventRounds "7"]
[EventCountry "ENG"]

1. e4 c5 2. Nf3 d6 3. Bb5+ Bd7 4. Bxd7+ Nxd7 5. O-O Rc8 6. c4 Ngf6 7. Qe2 g6 8.
d4 cxd4 9. Nxd4 Bg7 10. Nc3 O-O 11. Be3 a6 12. Rac1 Re8 13. f3 Qa5 14. Rfd1 Ne5
15. Nb3 Qd8 16. Nd5 Nfd7 17. f4 Nc6 18. c5 Ncb8 19. cxd6 Rxc1 20. Rxc1 exd6 21.
Bd4 f5 22. Qc4 Bxd4+ 23. Nxd4 b5 24. Qb3 Nc5 25. Nf6+ Kh8 26. Rxc5 dxc5 27.
Nxe8 Qxd4+ 28. Kf1 Qxe4 29. Qc3+ Qd4 30. Qxd4+ cxd4 31. Ke2 Kg8 32. Kd3 Kf7 33.
Nc7 Ke7 34. Kxd4 Kd6 35. Ne8+ Ke7 36. Nc7 Kd7 37. Nd5 Kd6 38. Nf6 Nc6+ 39. Kc3
h6 40. h4 a5 41. h5 gxh5 42. Nxh5 Ke6 43. Ng7+ Kf6 44. Ne8+ Ke7 45. Ng7 Kf6 46.
Ne8+  1/2-1/2

[Event "2nd Easter 4NCL Congress"]
[Site "Daventry"]
[Date "2022.04.18"]
[Round "6"]
[Board "4"]
[White "Manawadu, Dilhan"]
[Black "Ashcroft, Graham J"]
[Result "1-0"]
[WhiteElo "1941"]
[BlackElo "1982"]
[PlyCount "89"]
[EventDate "2022.04.15"]
[EventRounds "7"]
[EventCountry "ENG"]

1. e4 e6 2. d3 c5 3. Nf3 Nc6 4. g3 g6 5. Bg2 Bg7 6. O-O Nge7 7. c3 O-O 8. Be3
d6 9. d4 b6 10. Qd2 cxd4 11. cxd4 d5 12. e5 Ba6 13. Rd1 Rc8 14. b4 Nf5 15. Bg5
f6 16. exf6 Bxf6 17. Bxf6 Qxf6 18. a4 Bc4 19. Qb2 a6 20. b5 axb5 21. axb5 Na5
22. Ne5 Qd8 23. Na3 Qd6 24. Naxc4 Nxc4 25. Nxc4 Rxc4 26. Bf1 Rc7 27. Rdc1 Rfc8
28. Rxc7 Qxc7 29. Ra6 Rf8 30. Qa1 Rf7 31. Bd3 Nd6 32. Qe1 Rf6 33. h4 h5 34. Qe5
Kf7 35. Ra8 Qe7 36. Rb8 Qc7 37. Rf8+ Kxf8 38. Qxf6+ Qf7 39. Qd8+ Ne8 40. Qxb6
Nf6 41. Qd6+ Kg7 42. b6 Ne8 43. Qe5+ Kh6 44. Qg5+ Kg7 45. Qxg6+  1-0

[Event "2nd Easter 4NCL Congress"]
[Site "Daventry"]
[Date "2022.04.18"]
[Round "6"]
[Board "5"]
[White "Sajanani, Vikas"]
[Black "Obi, Okwose Marc"]
[Result "1-0"]
[WhiteElo "1963"]
[BlackElo "1921"]
[PlyCount "53"]
[EventDate "2022.04.15"]
[EventRounds "7"]
[EventCountry "ENG"]

1. d4 d5 2. c4 c6 3. Nc3 Nf6 4. Nf3 e6 5. Bg5 Be7 6. e3 Nbd7 7. Bd3 dxc4 8.
Bxc4 b5 9. Bd3 a5 10. Rc1 O-O 11. O-O Bb7 12. Ne4 Nxe4 13. Bxe7 Nxf2 14. Bxh7+
Kh8 15. Rxf2 Qxe7 16. Be4 Nf6 17. Bxc6 Bxc6 18. Rxc6 Nd5 19. e4 Nb4 20. Rc5
Nxa2 21. Ne5 Kg8 22. Qh5 Nb4 23. Rf3 f6 24. Ng6 Qd7 25. Qh8+ Kf7 26. Ne5+ Ke8
27. Qh5+  1-0

[Event "2nd Easter 4NCL Congress"]
[Site "Daventry"]
[Date "2022.04.18"]
[Round "6"]
[Board "6"]
[White "Angheluta, Ovidiu"]
[Black "Neatherway, A Philip"]
[Result "0-1"]
[WhiteElo "1992"]
[BlackElo "1823"]
[PlyCount "74"]
[EventDate "2022.04.15"]
[EventRounds "7"]
[EventCountry "ENG"]

1. e4 e6 2. c4 d5 3. Nc3 d4 4. Nce2 c5 5. f4 Nc6 6. Nf3 g6 7. d3 Bg7 8. g4 h5
9. g5 e5 10. h4 Bg4 11. Ng3 exf4 12. Bxf4 Qa5+ 13. Kf2 f6 14. Be2 Bxf3 15. Bxf3
fxg5 16. Bxg5 Nge7 17. Rf1 O-O-O 18. a3 Rdf8 19. b4 cxb4 20. Bxe7 Nxe7 21. axb4
Qxb4 22. Rxa7 Nc6 23. Ra4 Qd6 24. Kg2 Be5 25. Ne2 Qe7 26. Ra8+ Kc7 27. Rxf8
Rxf8 28. Kh3 Bf6 29. Qe1 Be5 30. Kg2 Bd6 31. Qc1 Qxh4 32. Rh1 Qf6 33. Rf1 Qe5
34. Rh1 Qf6 35. Rf1 h4 36. Qe1 h3+ 37. Kh1 Qe5  0-1

[Event "2nd Easter 4NCL Congress"]
[Site "Daventry"]
[Date "2022.04.18"]
[Round "6"]
[Board "7"]
[White "Fellowes, Billy"]
[Black "Tart, Peter K"]
[Result "0-1"]
[WhiteElo "1612"]
[BlackElo "1962"]
[PlyCount "68"]
[EventDate "2022.04.15"]
[EventRounds "7"]
[EventCountry "ENG"]

1. e4 e5 2. Bc4 Nf6 3. d3 c6 4. Nf3 d5 5. exd5 cxd5 6. Bb5+ Bd7 7. Bxd7+ Nbxd7
8. O-O Bd6 9. Bg5 Qb6 10. Qd2 Qxb2 11. c4 Qxd2 12. Nbxd2 O-O 13. Rab1 b6 14.
Bxf6 Nxf6 15. cxd5 Nxd5 16. Nc4 Rfd8 17. Nfxe5 Bxe5 18. Nxe5 Nc3 19. Rb3 Rac8
20. Ra3 f6 21. Nf3 a5 22. Rb3 Rc6 23. Ne1 Nxa2 24. f3 Nc3 25. Kf2 b5 26. Ke3
Re8+ 27. Kd4 b4 28. f4 Rd6+ 29. Kc5 Rd5+ 30. Kc6 Re6+ 31. Kb7 Rd7+ 32. Kc8 Rf7
33. Kd8 Kf8 34. Rxc3 Re8#  0-1

[Event "2nd Easter 4NCL Congress"]
[Site "Daventry"]
[Date "2022.04.18"]
[Round "6"]
[Board "8"]
[White "Fallowfield, Nicholas"]
[Black "Wheeler, Tim"]
[Result "1/2-1/2"]
[WhiteElo "1959"]
[BlackElo "1703"]
[PlyCount "55"]
[EventDate "2022.04.15"]
[EventRounds "7"]
[EventCountry "ENG"]

1. Nf3 g6 2. e4 Bg7 3. d4 d6 4. Nc3 Nf6 5. h3 O-O 6. Be3 c6 7. Bd3 Nbd7 8. Qd2
e5 9. dxe5 dxe5 10. O-O-O Qe7 11. Be2 Nc5 12. Bxc5 Qxc5 13. g4 Be6 14. Rhf1 b5
15. Qd6 Qxd6 16. Rxd6 b4 17. Na4 Nxe4 18. Rxc6 Bd7 19. Rc4 Bxa4 20. Rxe4 a5 21.
Nxe5 Rfe8 22. f4 Bc6 23. Re3 f6 24. Nc4 Bb5 25. Rxe8+ Rxe8 26. Bd3 Bxc4 27.
Bxc4+ Kf8 28. f5  1/2-1/2

[Event "2nd Easter 4NCL Congress"]
[Site "Daventry"]
[Date "2022.04.18"]
[Round "6"]
[Board "9"]
[White "Zhao, George"]
[Black "Mcdonnell, James J"]
[Result "0-1"]
[WhiteElo "1540"]
[BlackElo "1929"]
[PlyCount "94"]
[EventDate "2022.04.15"]
[EventRounds "7"]
[EventCountry "ENG"]

1. d4 d5 2. c4 c6 3. g3 Nf6 4. Bg2 dxc4 5. Nf3 Nbd7 6. O-O g6 7. Nbd2 Nb6 8.
Qc2 Be6 9. e3 Bg7 10. Ne5 Bf5 11. Qc3 Nfd5 12. Qa5 Bxe5 13. dxe5 Be6 14. e4 Nc7
15. f4 Qd7 16. Nf3 Qd3 17. Re1 Bg4 18. Be3 Bxf3 19. Bxf3 c3 20. Bxb6 axb6 21.
Qxb6 O-O-O 22. Bg4+ e6 23. bxc3 Qxc3 24. Kh1 Rd2 25. Rab1 Nb5 26. Be2 Qc2 27.
Bf3 Rhd8 28. Qg1 Qxa2 29. Ra1 Qb3 30. Bg2 Kc7 31. Qc5 Qc2 32. Qg1 Qd3 33. Rab1
Nd4 34. Rb4 b5 35. Ra1 Kb7 36. g4 Qc3 37. Rbb1 Qd3 38. Rf1 c5 39. f5 Kb6 40.
fxe6 fxe6 41. Rf6 c4 42. Rxe6+ Kc5 43. Re7 Kb4 44. Rc7 Qc3 45. e6 Rxg2 46. Rb1+
Rb2 47. e7 Qf3+  0-1

[Event "2nd Easter 4NCL Congress"]
[Site "Daventry"]
[Date "2022.04.18"]
[Round "6"]
[Board "10"]
[White "Isik, Muhammed Oguz"]
[Black "Gostelow, Luke"]
[Result "1-0"]
[WhiteElo "1492"]
[BlackElo "1867"]
[PlyCount "67"]
[EventDate "2022.04.15"]
[EventRounds "7"]
[EventCountry "ENG"]

1. e4 c5 2. Nc3 e6 3. Nge2 Nc6 4. g3 Nf6 5. Bg2 d5 6. exd5 exd5 7. d4 cxd4 8.
Nxd4 Bb4 9. Nxc6 bxc6 10. O-O O-O 11. Bd2 Rb8 12. a3 Bd6 13. b3 h5 14. Bg5 Be5
15. Qd3 Qd6 16. Kh1 Nh7 17. Bd2 h4 18. f4 Bf6 19. Ne4 Qd8 20. Nxf6+ Qxf6 21.
Bc3 Qh6 22. gxh4 Qxh4 23. Rf3 Nf6 24. Rg1 Ng4 25. Bh3 Qxh3 26. Rxg4 Qxg4 27.
Rg3 f6 28. Rxg4 Bxg4 29. Qa6 Rf7 30. Bd4 Re8 31. Kg2 Bf5 32. Qxc6 Re2+ 33. Kf3
Rfe7 34. Qxd5+  1-0

[Event "2nd Easter 4NCL Congress"]
[Site "Daventry"]
[Date "2022.04.18"]
[Round "6"]
[Board "11"]
[White "Fava, Lorenzo"]
[Black "Vijayakumar, Rishi"]
[Result "1-0"]
[WhiteElo "1846"]
[BlackElo "1722"]
[PlyCount "119"]
[EventDate "2022.04.15"]
[EventRounds "7"]
[EventCountry "ENG"]

1. e4 c6 2. d4 d5 3. Nc3 dxe4 4. Nxe4 Bf5 5. Ng3 Bg6 6. h4 h6 7. Nf3 Nf6 8. Ne5
Bh7 9. Bc4 e6 10. Qe2 Nd5 11. Qf3 Nf6 12. c3 Nbd7 13. Nxd7 Qxd7 14. Bd3 Bxd3
15. Qxd3 O-O-O 16. Be3 Nd5 17. O-O-O f5 18. Ne2 Bd6 19. Qd2 Qc7 20. g3 Rhf8 21.
Nf4 Nxf4 22. Bxf4 Bxf4 23. Qxf4 Qxf4+ 24. gxf4 Rg8 25. Rhg1 Rd7 26. Rg6 Re8 27.
Re1 Rde7 28. Reg1 Kd7 29. Rxg7 Rxg7 30. Rxg7+ Re7 31. Rg6 Rh7 32. h5 Kd6 33.
Kc2 b5 34. Kd3 a5 35. b3 Ke7 36. a3 Kf7 37. c4 Rg7 38. cxb5 cxb5 39. Rxg7+ Kxg7
40. d5 Kf7 41. Kd4 a4 42. b4 Ke7 43. dxe6 Kxe6 44. Kc5 Ke7 45. Kxb5 Kd6 46.
Kxa4 Kd5 47. b5 Ke4 48. b6 Kxf4 49. b7 Kf3 50. b8=Q Kxf2 51. Qf4+ Kg2 52. Kb4
Kh3 53. Kc3 Kg2 54. Kd3 Kh3 55. Qxf5+ Kh4 56. Ke3 Kg3 57. Qg6+ Kh2 58. Qg4 Kh1
59. Kf2 Kh2 60. Qg2#  1-0

[Event "2nd Easter 4NCL Congress"]
[Site "Daventry"]
[Date "2022.04.18"]
[Round "6"]
[Board "12"]
[White "Basson, Heinrich"]
[Black "Boutsias, Jason"]
[Result "1/2-1/2"]
[WhiteElo "1823"]
[BlackElo "1638"]
[PlyCount "58"]
[EventDate "2022.04.15"]
[EventRounds "7"]
[EventCountry "ENG"]

1. d4 Nf6 2. Nf3 g6 3. Bf4 Bg7 4. Nc3 d5 5. Nb5 Na6 6. c3 c6 7. Na3 O-O 8. e3
Nc7 9. h3 Re8 10. Be2 Ne4 11. Qc2 a6 12. Nb1 Ne6 13. Bh2 h6 14. Nbd2 Nxd2 15.
Qxd2 c5 16. O-O cxd4 17. cxd4 Qb6 18. Rac1 Bd7 19. Be5 Rec8 20. Bxg7 Kxg7 21.
Rxc8 Rxc8 22. Rc1 Rxc1+ 23. Qxc1 Bb5 24. Bxb5 Qxb5 25. Ne5 f6 26. Nf3 Qc4 27.
Qb1 b5 28. b3 Qc3 29. h4 h5  1/2-1/2

[Event "2nd Easter 4NCL Congress"]
[Site "Daventry"]
[Date "2022.04.18"]
[Round "6"]
[Board "13"]
[White "Gaffney, Samuel"]
[Black "Coburn, Joseph A"]
[Result "0-1"]
[WhiteElo "1866"]
[BlackElo "1818"]
[PlyCount "70"]
[EventDate "2022.04.15"]
[EventRounds "7"]
[EventCountry "ENG"]

{[%evp 0,70,14,14,30,30,64,62,81,74,74,63,75,52,52,58,74,62,62,58,58,63,38,35,
135,135,135,133,162,156,144,86,134,109,304,129,138,68,74,48,55,46,63,23,26,10,
24,-37,81,86,86,80,213,258,306,307,321,21,21,17,16,16,16,-8,75,52,59,0,-6,-3,0,
0,-9]} 1. d4 Nf6 2. Nf3 d6 3. Nc3 g6 4. e4 Bg7 5. Be3 Ng4 6. Bg5 h6 7. Bh4 c6
8. Be2 Nd7 9. O-O Ngf6 10. e5 dxe5 11. dxe5 Nh7 12. e6 fxe6 13. Qd3 Nhf8 14.
Rad1 Qa5 15. Nd4 Nf6 16. Bf3 e5 17. Bxf6 Bxf6 18. Nb3 Qc7 19. Be4 Kf7 20. Qg3
g5 21. Rd2 Ne6 22. Rfd1 Nf4 23. Ne2 Nh5 24. Qc3 Nf4 25. Nc5 b6 26. Qc4+ Kg7 27.
Nxf4 exf4 28. Ne6+ Bxe6 29. Qxe6 Qe5 30. Qxe5 Bxe5 31. Rd7 Bf6 32. Bxc6 Rac8
33. Ba4 b5 34. Bxb5 Rxc2 35. Rxa7 Rxb2 {unclear recording past this point}  0-1

[Event "2nd Easter 4NCL Congress"]
[Site "Daventry"]
[Date "2022.04.18"]
[Round "6"]
[Board "14"]
[White "Waterfield, Mark Bw"]
[Black "Sunny, Saurav"]
[Result "1-0"]
[WhiteElo "1832"]
[BlackElo "1818"]
[PlyCount "101"]
[EventDate "2022.04.15"]
[EventRounds "7"]
[EventCountry "ENG"]

1. e4 e5 2. Nf3 Nc6 3. d4 exd4 4. Bc4 Bb4+ 5. c3 dxc3 6. bxc3 Bc5 7. Bxf7+ Kxf7
8. Qd5+ Kf8 9. Qxc5+ d6 10. Qc4 Na5 11. Qa4 c6 12. O-O b5 13. Qc2 Bg4 14. Nd4
Qe8 15. f4 Nf6 16. Nd2 h5 17. f5 Rc8 18. Ne6+ Kg8 19. Qd3 Nb7 20. h3 Nc5 21.
Nxc5 dxc5 22. hxg4 hxg4 23. Qd6 Qh5 24. Qe6+ Kh7 25. Qe5 Qh4 26. Qh2 Kg8 27.
Qxh4 Rxh4 28. e5 Nd5 29. Ne4 g3 30. Nxg3 Nxc3 31. f6 gxf6 32. Nf5 Rh7 33. exf6
Rcc7 34. Nh6+ Kf8 35. Be3 Ne4 36. Rad1 Rc8 37. g4 c4 38. g5 Nxg5 39. Bxg5 c3
40. Rfe1 a5 41. Re7 c2 42. Rc1 Rxe7 43. fxe7+ Ke8 44. Rxc2 Rc7 45. Nf5 Kd7 46.
Ng7 Rc8 47. Rd2+ Kc7 48. Rd8 c5 49. e8=Q Rxd8 50. Bxd8+ Kd6 51. Qe6#  1-0

[Event "2nd Easter 4NCL Congress"]
[Site "Daventry"]
[Date "2022.04.18"]
[Round "6"]
[Board "15"]
[White "Chantrell, Paul"]
[Black "Dean, Robert A"]
[Result "0-1"]
[WhiteElo "1783"]
[BlackElo "1909"]
[PlyCount "52"]
[EventDate "2022.04.15"]
[EventRounds "7"]
[EventCountry "ENG"]

1. e4 e6 2. d4 d5 3. e5 c5 4. c3 Nc6 5. Nf3 Bd7 6. Be2 Nge7 7. Na3 Nf5 8. Nc2
Qb6 9. O-O cxd4 10. cxd4 Rc8 11. a3 Na5 12. Ne3 Nb3 13. Rb1 Nfxd4 14. Nxd4 Nxd4
15. b4 Nxe2+ 16. Qxe2 Bb5 17. Qd2 Bxf1 18. Kxf1 Be7 19. Nc2 Qc7 20. Nd4 Qxe5
21. Bb2 Qxh2 22. Nf3 Qh1+ 23. Ng1 Bf6 24. Bxf6 gxf6 25. Rb3 Rg8 26. f3 Rc1+  0-1

[Event "2nd Easter 4NCL Congress"]
[Site "Daventry"]
[Date "2022.04.18"]
[Round "6"]
[Board "16"]
[White "Whitmore, Darren H"]
[Black "Georgiou, George"]
[Result "1-0"]
[WhiteElo "1874"]
[BlackElo "1807"]
[PlyCount "99"]
[EventDate "2022.04.15"]
[EventRounds "7"]
[EventCountry "ENG"]

1. e4 c6 2. d4 d5 3. e5 Bf5 4. Nf3 e6 5. Nbd2 Nd7 6. a4 c5 7. Bb5 a6 8. Bxd7+
Qxd7 9. O-O c4 10. h3 Ne7 11. g4 Bg6 12. Nh4 Nc6 13. c3 Bd3 14. Re1 Be7 15. Ng2
O-O 16. Nf4 Bg6 17. Re3 b5 18. Nxg6 hxg6 19. h4 b4 20. Rh3 f6 21. exf6 gxf6 22.
h5 gxh5 23. g5 Kg7 24. gxf6+ Bxf6 25. Qxh5 Rh8 26. Rg3+ Kf8 27. Qg6 Qf7 28. Nf3
Qxg6 29. Rxg6 Kf7 30. Rg3 Rag8 31. Bg5 Rh5 32. Bxf6 Rxg3+ 33. fxg3 Kxf6 34. g4
Rh8 35. Rf1 Kg6 36. cxb4 Nxb4 37. Ne5+ Kg7 38. Rf7+ Kh6 39. Rb7 Nc2 40. Nf7+
Kg7 41. Nxh8+ Kxh8 42. Rb6 Nxd4 43. Rxa6 Kg7 44. Kf2 Kf6 45. Ke3 Nc2+ 46. Kf4
Nd4 47. g5+ Kg6 48. Ke5 Nf3+ 49. Kxe6 Kxg5 50. Kxd5  1-0

[Event "2nd Easter 4NCL Congress"]
[Site "Daventry"]
[Date "2022.04.18"]
[Round "6"]
[Board "17"]
[White "Stephens, Graeme"]
[Black "Curran, David P"]
[Result "1-0"]
[WhiteElo "1856"]
[BlackElo "1734"]
[PlyCount "54"]
[EventDate "2022.04.15"]
[EventRounds "7"]
[EventCountry "ENG"]

1. d4 d6 2. e4 e5 3. dxe5 dxe5 4. Qxd8+ Kxd8 5. Bc4 f6 6. Nf3 Bc5 7. O-O c6 8.
Nc3 Ne7 9. a3 Ng6 10. b4 Bd6 11. h3 Ke7 12. Ne2 b5 13. Bb3 Na6 14. c4 Be6 15.
Nd2 c5 16. cxb5 Bxb3 17. Nxb3 Nc7 18. bxc5 Nxb5 19. cxd6+ Nxd6 20. Ng3 Nc4 21.
Nf5+ Kf7 22. Be3 Rhd8 23. Rfd1 Nf4 24. Bxf4 exf4 25. Rxd8 Rxd8 26. Rc1 Nxa3 27.
Rc7+ Kg6  1-0

[Event "2nd Easter 4NCL Congress"]
[Site "Daventry"]
[Date "2022.04.18"]
[Round "6"]
[Board "18"]
[White "Murphy, Ross"]
[Black "Macphail, Kieran"]
[Result "1/2-1/2"]
[WhiteElo "1730"]
[BlackElo "1849"]
[PlyCount "46"]
[EventDate "2022.04.15"]
[EventRounds "7"]
[EventCountry "ENG"]

1. Nf3 d5 2. g3 c6 3. d3 Bg4 4. Nbd2 Nf6 5. Bg2 e6 6. O-O Bd6 7. e4 dxe4 8.
dxe4 Bxf3 9. Qxf3 O-O 10. Nc4 Be7 11. Rd1 Qc7 12. Bf4 Qc8 13. Nd6 Bxd6 14. Bxd6
Rd8 15. e5 Ne8 16. Be7 Rxd1+ 17. Rxd1 Qc7 18. Bb4 Nd7 19. Bd6 Nxd6 20. exd6 Qa5
21. Qb3 Qb6 22. Qc3 Qc5 23. Qb3 Qb6  1/2-1/2

[Event "2nd Easter 4NCL Congress"]
[Site "Daventry"]
[Date "2022.04.18"]
[Round "6"]
[Board "19"]
[White "Livesey, R Nigel"]
[Black "Pyun, Lindsay"]
[Result "1/2-1/2"]
[WhiteElo "1864"]
[BlackElo "1569"]
[PlyCount "46"]
[EventDate "2022.04.15"]
[EventRounds "7"]
[EventCountry "ENG"]

1. c4 e5 2. g3 Nf6 3. Bg2 Bc5 4. Nc3 Nc6 5. a3 Bb6 6. e3 O-O 7. Nge2 Re8 8. O-O
d6 9. h3 Be6 10. Nd5 Bxd5 11. cxd5 Ne7 12. Nc3 Rc8 13. b3 c6 14. dxc6 Nxc6 15.
Nd5 Nxd5 16. Bxd5 Qd7 17. Kg2 Ne7 18. Bf3 Rc7 19. Bb2 Rec8 20. Kh2 Qe6 21. b4
d5 22. Qb3 e4 23. Be2 Ng6  1/2-1/2

[Event "2nd Easter 4NCL Congress"]
[Site "Daventry"]
[Date "2022.04.18"]
[Round "6"]
[Board "20"]
[White "Nilsson, Adam"]
[Black "Ginestie, Martin"]
[Result "1-0"]
[WhiteElo "1744"]
[BlackElo "1865"]
[PlyCount "73"]
[EventDate "2022.04.15"]
[EventRounds "7"]
[EventCountry "ENG"]

1. d4 Nf6 2. Bf4 e6 3. e3 d5 4. Nf3 c5 5. c3 Nc6 6. Nbd2 Bd7 7. Bd3 Be7 8. O-O
O-O 9. h3 c4 10. Bc2 b5 11. e4 h6 12. e5 Ne8 13. Qe2 b4 14. Qe3 g5 15. Bg3 Ng7
16. Nh2 Nf5 17. Bxf5 exf5 18. f4 bxc3 19. bxc3 Kh7 20. Qf3 Be6 21. Rab1 Rb8 22.
Rxb8 Qxb8 23. Nxc4 Nxd4 24. cxd4 dxc4 25. d5 g4 26. hxg4 fxg4 27. Qe4+ Kh8 28.
dxe6 c3 29. exf7 Rxf7 30. Qc4 Bc5+ 31. Qxc5 Rc7 32. Qf2 c2 33. Rc1 Qb1 34. Qd2
Rc8 35. f5 Kh7 36. f6 Rd8 37. Qxc2+  1-0

[Event "2nd Easter 4NCL Congress"]
[Site "Daventry"]
[Date "2022.04.18"]
[Round "6"]
[Board "21"]
[White "Hinchcliffe, Gary"]
[Black "Lawrence, Spencer"]
[Result "1/2-1/2"]
[WhiteElo "1854"]
[BlackElo "1720"]
[PlyCount "25"]
[EventDate "2022.04.15"]
[EventRounds "7"]
[EventCountry "ENG"]

1. d4 Nf6 2. c4 e6 3. Nc3 d5 4. Nf3 c5 5. cxd5 exd5 6. Bf4 Nc6 7. e3 a6 8. dxc5
Bxc5 9. Be2 O-O 10. O-O d4 11. exd4 Nxd4 12. Nxd4 Qxd4 13. Qxd4  1/2-1/2